00513nam a2200181 a 4500008004100000020001500041050001600056100001800072245004000090246004100130260003000171300002100201350000900222500004800231650001300279650002200292650001700314120416s1972 ||||||||||||||||| || u a0070942315 aHD 47.5 Rad aRadke, Magnus10aManual of cost reduction techniques aSofortprogramm Kostensparen. English aLondonbMcGraw-Hillc1972 aviii,259p. : ill a0.00 aTranslation of Sofortprogramm Kostensparen. 0aBUSINESS aCOSTS, INDUSTRIAL aCOST CONTROL